Statistics for "Port" Capitals

Click here to take the quiz!

General Stats

  • This quiz has been taken 106 times
  • The average score is 5 of 6

Answer Stats

Capital % Correct
Port-au-Prince
94%
Port of Spain
90%
Port Moresby
88%
Port Louis
67%
Porto Novo
65%
Port Vila
63%

Score Distribution

Percentile by Number Answered

Percent of People with Each Score

Your Score History

You have not taken this quiz